Statistics for Countries Containing Two Cs

Click here to take the quiz!

General Stats

  • This quiz has been taken 814 times
    (633 since last reset)
  • The average score is 5 of 7

Answer Stats

country% Correct
Democratic Republic
of the Congo
84%
Republic of the Congo
81%
Central African Republic
76%
Morocco
69%
Dominican Republic
65%
Costa Rica
63%
Vatican City
44%

Score Distribution

Percentile by Number Answered

Percent of People with Each Score

Your Score History

You have not taken this quiz since the last reset